Movies Quiz

Random Movies or Director Quiz
Score 0/17 Timer 07:00
0 Plays Today
% Correct
Steven Spielberg
89.5%
Woody Allen
86.8%
Spike Lee
81.6%
Francis Ford Coppola
80.3%
J.J. Abrams
78.9%
Martin Scorsese
76.3%
John Ford
76.3%
Peter Bogdanovich
73.7%
Robert Zemeckis
67.1%
% Correct
John Hughes
65.8%
George Lucas
63.2%
Barry Levinson
60.5%
Barry Sonnenfeld
60.5%
Robert Wise
57.9%
George Cukor
53.9%
Mike Nichols
51.3%
Norman Jewison
47.4%
Come Together.
Have Fun.
All Virtual.
We all need to come together. Play Sporcle's virtual live trivia to have fun, connect with people, and get your trivia on. Join a live hosted trivia game for your favorite pub trivia experience done virtually. If a virtual private party is more your thing, go here for details.

You're not logged in!

Compare scores with friends on all Sporcle quizzes.
OR
Log In

Sporcle TV

Today on Sporcle TV


Watch our educational content, quiz creation guides, and fun videos on Sporcle TV.

Show Comments

Extras

Top Quizzes Today


Score Distribution

Paid Content

Your Account Isn't Verified!

In order to create a playlist on Sporcle, you need to verify the email address you used during registration. Go to your Sporcle Settings to finish the process.

Report this User

Report this user for behavior that violates our Community Guidelines.

Details: